Dia de Chuva (Record no. 125429)
[ view plain ]
| 000 -LÍDER | |
|---|---|
| campo de controle de tamanho fixo | 01205 a2200205 4500 |
| 001 - NÚMERO DE CONTROLE | |
| campo de controle | 125429 |
| 020 ## - ISBN - INTERNATIONAL STANDARD BOOK NUMBER | |
| ISBN - International Standard Book Number | 8516031209 |
| 040 ## - FONTE DA CATALOGAÇÃO | |
| Instituição que transcreveu o registro | Escola Canadense de Niteroi |
| 090 ## - NÚMERO DE CHAMADA LOCAL | |
| Número de chamada (OCLC) (R); Número de chamada, CALL (RLIN) (NR) | MAC - D2 |
| 100 ## - ENTRADA PRINCIPAL--NOME PESSOAL | |
| Nome pessoal | Machado, Ana Maria |
| 245 10 - TÍTULO | |
| Título | Dia de Chuva |
| 260 ## - PUBLICAÇÃO, DISTRIBUIÇÃO, ETC. | |
| Local de publicação, distribuição, etc. | São Paulo |
| 300 ## - DESCRIÇÃO FÍSICA | |
| Extensão | 32 p. |
| Outros detalhes físicos | il. |
| Dimensões | 6 x 22.4 x 0.6 cm (brochura) |
| 362 0# - DATAS DE PUBLICAÇÃO E/OU DESIGNAÇÃO SEQUENCIAL | |
| Datas de publicação e/ou designação sequencial | 2002 |
| 520 ## - NOTA DE RESUMO, ETC | |
| Resumo, etc. | Esse livro é uma prova da fé que Ana Maria Machado sempre teve no poder da imaginação da criança. Observadora atenta do mundo infantil Ana sabe que as crianças desde muito cedo constroem mundos incríveis no faz-de-conta. Um dia de chuva pode deixar muita gente entediada. Mas não aqueles que têm passagem livre para o incrível mundo do faz-de-conta. As almofadas do sofá se transformam em elefantes camelos carroças e caravanas. A mesa da sala vira caverna os pés da cadeira são troncos de árvores a cama ou rede é um navio em alto-mar a vassoura é um cavalo o pano-de-prato é uma capa mágica. é apenas um exemplo de como os pequenos percorrem o mundo todo enquanto gente grande acha que não vão a lugar nenhum. |
| 650 #4 - ASSUNTO--TERMO TÓPICO | |
| Cabeçalho tópico ou nome geográfico | Imaginação |
| 650 #4 - ASSUNTO--TERMO TÓPICO | |
| Cabeçalho tópico ou nome geográfico | Literatura Infantil |
| 650 #4 - ASSUNTO--TERMO TÓPICO | |
| Cabeçalho tópico ou nome geográfico | Brincadeiras |
| 942 ## - ELEMENTOS DE ENTRADA ADICIONADOS (KOHA) | |
| Tipo de material Koha | Livros |
| Situação do descarte | Situação das perdas | Situação física | Não pode ser emprestado | Biblioteca de origem | Biblioteca atual | Data de aquisição | Total de empréstimos | Número de chamada completo | Código de barras | Data de último acesso | Data do preço efetivo | Tipo de material Koha |
|---|---|---|---|---|---|---|---|---|---|---|---|---|
| Canadian School of Niterói - Piratininga | Canadian School of Niterói - Piratininga | 09/02/2024 | MAC - D2 | A02235 | 09/02/2024 | 09/02/2024 | Livros |